Udržateľnosť inflácie
Kritérium cenovej stability. Hodnotenie udržateľnosti inflačného vývoja. Cenový vývoj za posledných desať rokov. Menová politika Národnej banky Slovenska. Faktory dôležité pre udržateľnosť inflácie.
Enregistré dans:
| Auteur principal: | |
|---|---|
| Autres auteurs: | |
| Format: | Chapitre de livre |
| Langue: | slovaque |
| Sujets: | |
| Tags: |
Pas de tags, Soyez le premier à ajouter un tag!
|
MARC
| LEADER | 00000naa$a2200000$$$4500 | ||
|---|---|---|---|
| 001 | 0075608 | ||
| 005 | 20231116084648.4 | ||
| 041 | 0 | |a slo | |
| 044 | |a SK | ||
| 245 | 1 | 0 | |a Udržateľnosť inflácie |c Michal Doliak, Branislav Karmažin |
| 520 | |a Kritérium cenovej stability. Hodnotenie udržateľnosti inflačného vývoja. Cenový vývoj za posledných desať rokov. Menová politika Národnej banky Slovenska. Faktory dôležité pre udržateľnosť inflácie. | ||
| 610 | 2 | 0 | |a politika menová |
| 610 | 2 | 0 | |a mena |
| 610 | 2 | 0 | |a kurz výmenný |
| 610 | 2 | 0 | |a ceny |
| 610 | 2 | 0 | |a stabilita cien |
| 610 | 2 | 0 | |a inflácia |
| 610 | 2 | 0 | |a energia |
| 610 | 2 | 0 | |a banky centrálne |
| 610 | 2 | 0 | |a Slovensko |
| 610 | 2 | 0 | |a eurozóna |
| 100 | 1 | |a Doliak, Michal | |
| 700 | 1 | |a Karmažin, Branislav | |